Подробности
| 000 -МАРКЕР |
| контрольное поле |
03644ncm0a2200469 4500 |
| 001 - ИДЕНТИФИКАТОР ЗАПИСИ |
| контрольное поле |
RU\NLR\ONIZ\219590 |
| 005 - ИДЕНТИФИКАТОР ВЕРСИИ |
| контрольное поле |
20250626085143.0 |
| 010 ## - МЕЖДУНАРОДНЫЙ СТАНДАРТНЫЙ НОМЕР КНИГИ (ISBN) |
| Номер (ISBN) |
978-5-00105-124-4 |
| 021 ## - НОМЕР ГОСУДАРСТВЕННОЙ РЕГИСТРАЦИИ |
| Код страны |
Российская Федерация |
| Номер |
17-248н |
| Номер Листа государственной регистраци |
17-16н |
| 035 ## - ДРУГИЕ СИСТЕМНЫЕ НОМЕРА |
| Идентификатор записи |
RU\NLR\ONIZ\lanatalya\5000005385\20170914151014 |
| 035 ## - ДРУГИЕ СИСТЕМНЫЕ НОМЕРА |
| Идентификатор записи |
(NLR Aleph) 011535179 |
| 100 ## - ДАННЫЕ ОБЩЕЙ ОБРАБОТКИ |
| Данные общей обработки |
20170914d2017 |||y0rusy50 ca |
| 101 0# - ЯЗЫК РЕСУРСА |
| Язык текста, звукозаписи и т.д. |
русский |
| 102 ## - СТРАНА ПУБЛИКАЦИИ ИЛИ ПРОИЗВОДСТВА |
| Страна публикации |
Российская Федерация |
| 125 ## - ПОЛЕ КОДИРОВАННЫХ ДАННЫХ: ЗВУКОЗАПИСИ И НОТНЫЕ ИЗДАНИЯ |
| Форма изложения нотного текста |
zx |
| 145 0# - ПОЛЕ КОДИРОВАННЫХ ДАННЫХ: СРЕДСТВО ИСПОЛНЕНИЯ МУЗЫКАЛЬНОГО ПРОИЗВЕДЕНИЯ (УСТАРЕВШЕЕ) |
| Тип средства исполнения |
b |
| 200 1# - ЗАГЛАВИЕ И СВЕДЕНИЯ ОБ ОТВЕТСТВЕННОСТИ |
| Основное заглавие |
Хрестоматия для оркестра гармоник |
| Общее обозначение материала |
Ноты |
| Сведения, относящиеся к заглавию |
для студентов бакалавриата направления 53.03.02 "Муз.-инструмент. искусство" профиль "баян, аккордеон и струн. щипковые инструменты" |
| Первые сведения об ответственности |
Я. Ю. Смирнов |
| 210 ## - ПУБЛИКАЦИЯ, РАСПРОСТРАНЕНИЕ И ДР. |
| Место издания, распространения и т.д. |
Санкт-Петербург |
| Имя издателя, распространителя и т. д. |
Лема |
| Дата издания, распространения и т.д. |
2017 |
| 215 ## - ФИЗИЧЕСКАЯ ХАРАКТЕРИСТИКА |
| Специфическое обозначение материала и объем |
90, [2] с. |
| Другие сведения о физической характеристике |
ил. |
| Размеры |
29 см |
| 313 ## - ПРИМЕЧАНИЯ, ОТНОСЯЩИЕСЯ К ТЕМАТИЧЕСКОМУ ДОСТУПУ |
| Текст примечания |
Систематизация документа проведена по изданию - Методика классифицирования музыкальных произведений (нотных изданий) по таблицам Библиотечно-библиографических классификаций : метод. рекомендации / Гос. б-ка СССР им. В.И. Ленина.- М., 1977. Индексу ББК методических рекомендаций присваивается код ББК для научных библиотек - LBC/SL |
| 327 1# - ПРИМЕЧАНИЯ О СОДЕРЖАНИИ |
| Текст примечания |
1. Танец с саблями из балета "Гаянэ" / А. Хачатурян. |
| -- |
2. Любимая мелодия : (парафраз на тему И. Цветкова) / В. Биберган |
| 464 #0 - АНАЛИТИЧЕСКИЙ УРОВЕНЬ |
| Встроенное поле |
2001#$aТанец с саблями из балета "Гаянэ"$fА. Хачатурян |
| -- |
215##$aС.28-53 |
| -- |
700#1$9z01790$aХачатурян$bА.И.$gАрам Ильич$f1903-1978$4230$7ca |
| -- |
790#1$9z01700$aKhachaturian$bA.$gAram$f1903-1978$4230$7ba |
| Заглавие |
Танец с саблями из балета "Гаянэ" |
| Автор |
Хачатурян, Арам Ильич (1903-1978) |
| 464 #0 - АНАЛИТИЧЕСКИЙ УРОВЕНЬ |
| Встроенное поле |
2001#$aЛюбимая мелодия$e(парафраз на тему И. Цветкова)$fВ. Биберган |
| -- |
215##$aС.55-87 |
| -- |
700#1$9z01790$aБиберган$bВ. Д.$gВадим Давидович$f1937-$4230$7ca |
| -- |
790#1$9z01700$aBibergan$bV. D.$gVadim Davidovich$f1937-$4230$7ba |
| Заглавие |
Любимая мелодия |
| Автор |
Биберган, Вадим Давидович (1937-) |
| 606 1# - НАИМЕНОВАНИЕ ТЕМЫ КАК ПРЕДМЕТ |
| Наименование темы |
Произведения для ансамбля баянов и аккордеонов |
| Формальный подзаголовок |
Ноты |
| Код системы |
nlr_sh |
| 606 1# - НАИМЕНОВАНИЕ ТЕМЫ КАК ПРЕДМЕТ |
| Наименование темы |
Оркестровый класс (учебное пособие) |
| Географический подзаголовок |
Россия |
| Формальный подзаголовок |
Ноты |
| Код системы |
nlr_sh |
| 686 ## - ИНДЕКСЫ ДРУГИХ КЛАССИФИКАЦИЙ |
| Индекс |
Щ952.459.3(2Р=Р)я43 |
| Издание |
LBC/SL |
| Код системы |
|
| 686 ## - ИНДЕКСЫ ДРУГИХ КЛАССИФИКАЦИЙ |
| Индекс |
Щ951.993(2Р=Р)я43 |
| Издание |
LBC/SL |
| Код системы |
|
| 686 ## - ИНДЕКСЫ ДРУГИХ КЛАССИФИКАЦИЙ |
| Индекс |
Щ951.9, 8 ( Оркестр баянно-аккордеонный им. П. И. Смирнова) |
| Издание |
LBC/SL |
| Код системы |
|
| 700 #1 - ИМЯ ЛИЦА - ПЕРВИЧНАЯ ОТВЕТСТВЕННОСТЬ |
| Системный номер авторитетной/нормативной записи |
z01790 |
| Начальный элемент ввода |
Смирнов |
| Часть имени, кроме начального элемента ввода |
Я. Ю. |
| Даты |
1970- |
| Расширение инициалов личного имени |
Ярослав Юрьевич |
| Код отношения |
Автор |
| -- |
Составитель |
| -- |
Аранжировщик, Оркестровщик, Реализатор генерал-баса (редуцированной нотации) |
| Графика поля |
Кириллица |
| 702 #1 - ИМЯ ЛИЦА - ВТОРИЧНАЯ ОТВЕТСТВЕННОСТЬ |
| Системный номер авторитетной/нормативной записи |
z03790 |
| Начальный элемент ввода |
Смирнов |
| Часть имени, кроме начального элемента ввода |
П. И. |
| Даты |
1911-1977 |
| Расширение инициалов личного имени |
Павел Иванович |
| Код отношения |
Объект посвящения |
| Графика поля |
Кириллица |
| 790 #1 - ИМЯ ЛИЦА - АЛЬТЕРНАТИВНАЯ ФОРМА |
| Системный номер авторитетной/нормативной записи |
z01700 |
| Начальный элемент ввода |
Smirnov |
| Часть имени, кроме начального элемента ввода |
Y. Yu. |
| Даты |
1970- |
| Расширение инициалов личного имени |
Yaroslav Yur`yevich |
| Код отношения |
Автор |
| -- |
Составитель |
| -- |
Аранжировщик, Оркестровщик, Реализатор генерал-баса (редуцированной нотации) |
| Графика поля |
Латинская |
| 790 #1 - ИМЯ ЛИЦА - АЛЬТЕРНАТИВНАЯ ФОРМА |
| Системный номер авторитетной/нормативной записи |
z03702 |
| Начальный элемент ввода |
Smirnov |
| Часть имени, кроме начального элемента ввода |
P. I. |
| Даты |
1911-1977 |
| Расширение инициалов личного имени |
Pavel Ivanovich |
| Код отношения |
Объект посвящения |
| Графика поля |
Латинская |
| 801 #0 - ИСТОЧНИК ЗАПИСИ |
| Страна |
Российская Федерация |
| Организация |
NLR |
| Дата составления |
20170914 |
| Правила каталогизации |
PSBO |
| 801 #1 - ИСТОЧНИК ЗАПИСИ |
| Страна |
Российская Федерация |
| Организация |
NLR |
| Дата составления |
20170914 |
| Источник данных |
rusmarc |
| 801 #2 - ИСТОЧНИК ЗАПИСИ |
| Страна |
Российская Федерация |
| Организация |
NLR |
| Дата составления |
20191004 |
| 852 ## - МЕСТОНАХОЖДЕНИЕ И ШИФР ХРАНЕНИЯ |
| Идентификатор организации |
NLR |
| Наименование фонда или коллекции (Sub-Location Identifier) |
М |
| Шифр хранения (Call Number) |
3/11741 |
| Страна |
|
| Номер экземпляра |
1 |
| 852 ## - МЕСТОНАХОЖДЕНИЕ И ШИФР ХРАНЕНИЯ |
| Идентификатор организации |
NLR |
| Наименование фонда или коллекции (Sub-Location Identifier) |
М |
| Шифр хранения (Call Number) |
3/11741а |
| Страна |
|
| Номер экземпляра |
2 |
| 942 ## - ДОПОЛНИТЕЛЬНЫЕ ЭЛЕМЕНТЫ ЗАПИСИ (АБИС) |
| Тип экземпляра АБИС |
Ноты |
| 980 ## - КОЛЛЕКЦИЯ |
| Название коллекции |
Национальная библиография |
| 980 ## - КОЛЛЕКЦИЯ |
| Название коллекции |
Отдел нот и звукозаписей |